Statistics for Cinderella 2015 cast

Click here to take the quiz!

General Stats

  • This quiz has been taken 7 times
  • The average score is 6 of 14

Answer Stats

characteractor% Correct
Prince KitRichard Madden
100%
EllaLily James
100%
Lady TremaineCate Blanchett
83%
Fairy godmotherHelena Bonham Carter
83%
Ella's MotherHayley Atwell
50%
Grand DukeStellan Skarsgard
33%
CaptainNonso Anozie
17%
Ella's fatherBen Chaplin
17%
DrizellaSophie McShera
17%
KingDerek Jacobi
17%
Lizard FootmanTom Edden
17%
Princess Chelina of ZaragosaJana Perez
17%
Young EllaEloise Webb
17%
AnastasiaHoliday Grainger
0%

Score Distribution

Percentile by Number Answered

Percent of People with Each Score

Your Score History

You have not taken this quiz